[Event "GER Cup Net Final-B U2000"]
[Site "Playchess.com INT"]
[Date "2020.06.06"]
[Round "10"]
[White "Stumpf, Daniel"]
[Black "Wagner, Rainer"]
[Result "1-0"]
[WhiteElo "1818"]
[BlackElo "1754"]
[PlyCount "55"]
[EventDate "2020.06.06"]
[EventType "swiss (blitz)"]
[EventRounds "13"]
[EventCountry "GER"]
[SourceTitle "CBM 197 Extra"]
[Source "ChessBase"]
[SourceDate "2020.09.30"]
[SourceVersion "1"]
[SourceVersionDate "2020.09.30"]
[SourceQuality "1"]

1. c4 Nf6 2. Nc3 e6 3. e4 d5 4. e5 Ne4 5. Nxe4 dxe4 6. Qg4 Nc6 7. Qxe4 Qd4 8. Qxd4 Nxd4 9. Bd3 Bd7 10. Ne2 c5 11. Nxd4 cxd4 12. 0-0 Bc6 13. a3 a5 14. b3 Bc5 15. Bb2 0-0 16. Rae1 Rfd8 17. Be4 d3 18. Kh1 Rd7 19. f4 g6 20. Rf3 Rad8 21. Bc3 Bxe4 22. Rxe4 Bxa3 23. Bxa5 Ra8 24. Bc3 Bc5 25. Re1 Ra3 26. b4 Bb6 27. c5 Bd8 28. h3 1-0

[Event "GER Cup Net V3 U2000"]
[Site "Playchess.com INT"]
[Date "2020.05.27"]
[Round "3"]
[White "Lerch, Martin Erik"]
[Black "Wagner, Rainer"]
[Result "1-0"]
[WhiteElo "1707"]
[BlackElo "1845"]
[PlyCount "57"]
[EventDate "2020.05.27"]
[EventType "swiss (blitz)"]
[EventRounds "9"]
[EventCountry "GER"]
[SourceTitle "EXT 2021"]
[Source "ChessBase"]
[SourceDate "2020.10.23"]
[SourceVersion "1"]
[SourceVersionDate "2020.10.23"]
[SourceQuality "1"]

1. e4 c5 2. Nc3 a6 3. f4 b5 4. Nf3 Bb7 5. d3 e6 6. g3 Nf6 7. e5 Nd5 8. Nxd5 Bxd5 9. Bg2 Be7 10. 0-0 0-0 11. b3 Qb6 12. c4 Bb7 13. Bb2 Rd8 14. Qe2 d6 15. Rae1 d5 16. g4 Nc6 17. f5 dxc4 18. dxc4 Nd4 19. Nxd4 cxd4 20. Bxb7 Qxb7 21. f6 Bc5 22. Qf3 Qxf3 23. Rxf3 bxc4 24. bxc4 Rab8 25. Rb3 a5 26. Rd1 d3+ 27. Kf1 a4 28. Rxb8 Rxb8 29. Bc3 1-0

[Event "GER Cup Net V3 U2000"]
[Site "Playchess.com INT"]
[Date "2020.05.27"]
[Round "2"]
[White "Powalla, Christian"]
[Black "Wagner, Rainer"]
[Result "1/2-1/2"]
[WhiteElo "1727"]
[BlackElo "1845"]
[PlyCount "110"]
[EventDate "2020.05.27"]
[EventType "swiss (blitz)"]
[EventRounds "9"]
[EventCountry "GER"]
[SourceTitle "EXT 2021"]
[Source "ChessBase"]
[SourceDate "2020.10.23"]
[SourceVersion "1"]
[SourceVersionDate "2020.10.23"]
[SourceQuality "1"]

1. e4 c5 2. d4 cxd4 3. c3 dxc3 4. Nxc3 Nc6 5. Nf3 e6 6. Bc4 a6 7. 0-0 b5 8. Bb3 Bb7 9. Re1 Na5 10. Bd5 Ne7 11. b4 Nxd5 12. exd5 Bxb4 13. dxe6 dxe6 14. Qc2 Bxf3 15. gxf3 Rc8 16. Bb2 0-0 17. Re4 Nc4 18. Rd1 Qc7 19. Ne2 Nxb2 20. Qxb2 Be7 21. Rg4 e5 22. f4 Bf6 23. Ng3 Qc2 24. Qxc2 Rxc2 25. Rd6 Kh8 26. fxe5 Bxe5 27. Rxa6 g6 28. Rb4 Rb8 29. Ne4 f5 30. Ng3 Rc4 31. Rb1 b4 32. a3 b3 33. Nf1 b2 34. Re6 Bg7 35. Re2 Rc1 36. Rbxb2 Bxb2 37. a4 Bd4 38. Kg2 Ra8 39. Rd2 Rc4 40. Ne3 Bxe3 41. fxe3 Rcxa4 42. Kf3 Re4 43. Rd7 Rae8 44. Rd3 R8e7 45. Ra3 Kg7 46. h4 h6 47. h5 Rf4+ 48. exf4 g5 49. fxg5 hxg5 50. Ra6 Rb7 51. Rg6+ Kh7 52. Rxg5 Rf7 53. Kf4 Kh6 54. Rxf5 Rxf5+ 55. Kxf5 Kxh5 1/2-1/2

[Event "GER Cup Net V3 U2000"]
[Site "Playchess.com INT"]
[Date "2020.05.27"]
[Round "5"]
[White "Stangl, Anita"]
[Black "Wagner, Rainer"]
[Result "0-1"]
[WhiteElo "1680"]
[BlackElo "1845"]
[PlyCount "72"]
[EventDate "2020.05.27"]
[EventType "swiss (blitz)"]
[EventRounds "9"]
[EventCountry "GER"]
[SourceTitle "EXT 2021"]
[Source "ChessBase"]
[SourceDate "2020.10.23"]
[SourceVersion "1"]
[SourceVersionDate "2020.10.23"]
[SourceQuality "1"]

1. e4 c5 2. Nf3 d6 3. d4 cxd4 4. Nxd4 Nf6 5. Nc3 a6 6. Bc4 e6 7. a3 Qc7 8. Ba2 Nc6 9. 0-0 Be7 10. Nde2 0-0 11. Ng3 b5 12. f4 Bb7 13. f5 e5 14. Bg5 Na5 15. Bxf6 Bxf6 16. Nh5 Bg5 17. Qg4 Bh6 18. Nxg7 Kh8 19. Nh5 Rg8 20. Qh3 Bg5 21. Nd5 Bxd5 22. Bxd5 Rac8 23. c3 Nc4 24. Ng3 Ne3 25. Rfe1 Nc2 26. Qh5 Nxa1 27. Rxa1 Rg7 28. Qf3 Qc5+ 29. Kh1 Qe3 30. Qh5 Rf8 31. Rf1 Bf4 32. f6 Rg6 33. Nf5 Qd3 34. Rg1 Rxf6 35. g3 Be3 36. Rf1 Qxf1# 0-1

[Event "GER-ch Net Amateur Gr-A Vor3"]
[Site "Playchess.com INT"]
[Date "2020.04.16"]
[Round "3"]
[White "Boder, Jan"]
[Black "Wagner, Rainer"]
[Result "1-0"]
[WhiteElo "1984"]
[BlackElo "1801"]
[PlyCount "45"]
[EventDate "2020.04.16"]
[EventType "swiss (blitz)"]
[EventRounds "9"]
[EventCountry "GER"]
[SourceTitle "CBM 195 Extra"]
[Source "ChessBase"]
[SourceDate "2020.05.31"]
[SourceVersion "1"]
[SourceVersionDate "2020.05.31"]
[SourceQuality "1"]

1. b3 d5 2. Bb2 Nf6 3. e3 Bf5 4. f4 e6 5. Nf3 c5 6. Nc3 Nc6 7. Bb5 Rc8 8. 0-0 Be7 9. Ne2 0-0 10. Bxc6 Rxc6 11. Ne5 Rc8 12. Ng3 Bg6 13. d3 b5 14. f5 exf5 15. Nxf5 Nd7 16. Nxg7 Bf6 17. Nxg6 Bxb2 18. Nxf8 Qxf8 19. Nh5 Ne5 20. Rb1 Bc3 21. d4 Ng6 22. Qg4 cxd4 23. exd4 1-0

[Event "GER-ch Net Amateur Gr-A Vor3"]
[Site "Playchess.com INT"]
[Date "2020.04.16"]
[Round "5"]
[White "Gallasch, Jonas"]
[Black "Wagner, Rainer"]
[Result "1-0"]
[WhiteElo "1952"]
[BlackElo "1816"]
[PlyCount "55"]
[EventDate "2020.04.16"]
[EventType "swiss (blitz)"]
[EventRounds "9"]
[EventCountry "GER"]
[SourceTitle "CBM 195 Extra"]
[Source "ChessBase"]
[SourceDate "2020.05.31"]
[SourceVersion "1"]
[SourceVersionDate "2020.05.31"]
[SourceQuality "1"]

1. d4 Nf6 2. c4 e6 3. Nf3 b6 4. g3 Bb7 5. Bg2 Bb4+ 6. Nbd2 0-0 7. 0-0 d5 8. a3 Be7 9. Ne5 Nbd7 10. Nd3 c5 11. dxc5 Nxc5 12. b4 Nce4 13. Nxe4 dxe4 14. Nb2 Qc7 15. Qb3 Rfd8 16. Rd1 Ng4 17. h3 Nf6 18. Be3 h6 19. Rxd8+ Rxd8 20. Rd1 Qc8 21. Rxd8+ Qxd8 22. Nd1 Qa8 23. Nc3 a5 24. Bxb6 axb4 25. axb4 Qa1+ 26. Kh2 Qe1 27. Bd4 Nd7 28. c5 1-0

[Event "GER-ch Net Amateur Gr-A Vor2"]
[Site "Playchess.com INT"]
[Date "2020.04.15"]
[Round "6"]
[White "Wagner, Rainer"]
[Black "Von Herman, Brigitte"]
[Result "1-0"]
[WhiteElo "1844"]
[BlackElo "1688"]
[PlyCount "71"]
[EventDate "2020.04.15"]
[EventType "swiss (blitz)"]
[EventRounds "9"]
[EventCountry "GER"]
[SourceTitle "CBM 196 Extra"]
[Source "ChessBase"]
[SourceDate "2020.07.31"]
[SourceVersion "1"]
[SourceVersionDate "2020.07.31"]
[SourceQuality "1"]

1. d4 Nf6 2. c4 e6 3. Nc3 Bb4 4. f3 d5 5. a3 Be7 6. e3 0-0 7. Bd3 b6 8. Nge2 c5 9. cxd5 exd5 10. 0-0 Nbd7 11. Kh1 Bb7 12. b3 a6 13. Bb2 Rc8 14. Qd2 Re8 15. Ng3 b5 16. dxc5 Bxc5 17. Rfe1 Ne5 18. Bf5 Rc7 19. Nce2 Nxf3 20. gxf3 Bxe3 21. Qd1 d4 22. Ng1 Qd5 23. Kg2 g6 24. Be4 Nxe4 25. fxe4 Qc5 26. Bc1 Bxe4+ 27. Nxe4 Rxe4 28. Bxe3 dxe3 29. Rc1 Qg5+ 30. Kh1 Rce7 31. Ne2 Rh4 32. Rg1 Qf6 33. Ng3 Qe6 34. Qd8+ Kg7 35. Rc8 f5 36. Qf8# 1-0

[Event "Mittelrhein Regionalliga 18/19"]
[Site "Nordrheinwestfalen"]
[Date "2018.09.02"]
[Round "1.6"]
[White "Schloemer, Armin"]
[Black "Wagner, Rainer"]
[Result "1/2-1/2"]
[WhiteElo "1908"]
[BlackElo "1992"]
[PlyCount "83"]
[EventDate "2018.10.28"]
[EventType "team-tourn"]
[EventRounds "11"]
[EventCountry "GER"]
[SourceTitle "EXT 2022"]
[Source "ChessBase"]
[SourceDate "2021.10.06"]
[SourceVersion "1"]
[SourceVersionDate "2021.10.06"]
[SourceQuality "1"]
[WhiteTeam "Aachen DJK Aufwärts III"]
[BlackTeam "Bonn Stadtverwaltung"]
[WhiteTeamCountry "GER"]
[BlackTeamCountry "GER"]

1. c4 e5 2. Nc3 Bb4 3. Nd5 Bc5 4. e3 c6 5. Nc3 Nf6 6. d4 exd4 7. exd4 Qe7+ 8. Be3 Bb4 9. Bd3 d5 10. Nge2 Bg4 11. 0-0 0-0 12. Qc2 dxc4 13. Bxc4 Nbd7 14. Rae1 Nb6 15. Bd3 h6 16. h3 Be6 17. Ng3 Rfe8 18. Qd2 Qf8 19. Nf5 Bxf5 20. Bxf5 Nc4 21. Qc2 Nd5 22. Bc1 Rad8 23. Rxe8 Rxe8 24. Nxd5 cxd5 25. a3 Ba5 26. Bd3 Rc8 27. Qa4 Qd8 28. Qd1 Qd6 29. Qg4 Re8 30. Bxc4 dxc4 31. Be3 Bc7 32. g3 Re6 33. Bf4 Qd8 34. d5 Rg6 35. Bxc7 Qxc7 36. Qe4 Qc5 37. Kg2 Rd6 38. Rd1 g6 39. Qe8+ Kg7 40. Qe5+ Kg8 41. Rd4 b5 42. Qe8+ 1/2-1/2